The Sale and Purchase of Real Property in Malaysia

Bibliographic Details
Main Author: Sinnadurai, Visu Dato' Seri , 1944- (Author)
Format: Book
Language:English
Published: Singapore : Butterworths 1984
Subjects:

MARC

LEADER 00000cam a2200000 7i4500
001 0000008889
005 20241003.0
008 010726 si eng
020 |a 0406181187 
040 |a INS   |b eng   |e rda 
090 0 0 |a KPG638   |b .S56 1984 
100 1 |a Sinnadurai, Visu   |c Dato' Seri ,   |d 1944- ,   |e author 
245 1 4 |a The Sale and Purchase of Real Property in Malaysia   |c Visu Sinnadurai 
264 1 |a Singapore :   |b Butterworths   |c 1984 
300 |a xxxv, 511 pages ;   |c 26 cm. 
336 |a text  |2 rdacontent 
337 |a unmediated  |2 rdamedia 
338 |a volume  |2 rdacarrier 
500 |a Includes index 
650 0 |a Real estate business   |x Law and legislation   |y Malaysia 
650 0 |a Real Property   |z Malaysia 
999 |a 0000002420   |b BOOK   |c Open Shelf   |e Default branch 
999 |a 0000023899   |b BOOK   |c Open Shelf   |e Default branch